原神 魔神任務に登場するキャラ(サドンデス) - Statistics

General Stats
  • This quiz has been taken 400 times
  • The average score is 12 of 27
Answers on the Grid
Answers color-coded by a green-red scale on the quiz's grid according to % correct below.
胡桃
神里綾人
フィッシュル
香菱
クレー
千織
荒瀧一斗
モナ
申鶴
ウェンティ
ディルック
ガイア
凝光
北斗
甘雨
タルタリヤ
神里綾華
ゴロー
宵宮
八重神子
ティナリ
ディシア
ニィロウ
ヌヴィレット
シグウィン
フレミネ
ナヴィア
ムアラニ
オロルン
マーヴィカ
チャスカ
ファルザン
アルベド
白朮
バーバラ
 
Answer Stats
Answer % Correct
八重神子
65%
タルタリヤ
59%
マーヴィカ
55%
ガイア
54%
神里綾華
53%
ウェンティ
52%
ティナリ
51%
ディルック
50%
ムアラニ
50%
宵宮
48%
ナヴィア
48%
ニィロウ
47%
ヌヴィレット
46%
凝光
45%
甘雨
43%
北斗
42%
ゴロー
42%
ディシア
41%
フレミネ
41%
チャスカ
41%
シグウィン
39%
バーバラ
38%
白朮
36%
オロルン
34%
申鶴
31%
荒瀧一斗
22%
モナ
22%
No matching quizzes found
Score Distribution
Percent of People with Each Score
Percentile by Number Answered
Your Score History
You have not taken this quiz